Contemporary security studies / (Record no. 16342)
[ view plain ]
| 000 -LEADER | |
|---|---|
| fixed length control field | 02216cam a2200325 a 4500 |
| 001 - CONTROL NUMBER | |
| control field | 14601545 |
| 005 - DATE AND TIME OF LATEST TRANSACTION | |
| control field | 20170105102937.0 |
| 008 - FIXED-LENGTH DATA ELEMENTS--GENERAL INFORMATION | |
| fixed length control field | 061019s2007 enka b 001 0 eng |
| 010 ## - LIBRARY OF CONGRESS CONTROL NUMBER | |
| LC control number | 2006034950 |
| 015 ## - NATIONAL BIBLIOGRAPHY NUMBER | |
| National bibliography number | GBA671694 |
| Source | bnb |
| 016 7# - NATIONAL BIBLIOGRAPHIC AGENCY CONTROL NUMBER | |
| Record control number | 013536601 |
| Source | Uk |
| 020 ## - INTERNATIONAL STANDARD BOOK NUMBER | |
| International Standard Book Number | 9780199284696 (pbk.) |
| 020 ## - INTERNATIONAL STANDARD BOOK NUMBER | |
| International Standard Book Number | 0199284695 (pbk.) |
| 035 ## - SYSTEM CONTROL NUMBER | |
| System control number | (OCoLC)ocm74568665 |
| 035 ## - SYSTEM CONTROL NUMBER | |
| System control number | (OCoLC)74568665 |
| Canceled/invalid control number | (OCoLC)167762876 |
| 040 ## - CATALOGING SOURCE | |
| Original cataloging agency | DLC |
| Transcribing agency | DLC |
| Modifying agency | BAKER |
| -- | BWKUK |
| -- | YDXCP |
| -- | UKM |
| -- | YDX |
| -- | BTCTA |
| -- | BWK |
| -- | DLC |
| 050 00 - LIBRARY OF CONGRESS CALL NUMBER | |
| Classification number | JZ5588 |
| Item number | .C675 2007 |
| 082 00 - DEWEY DECIMAL CLASSIFICATION NUMBER | |
| Classification number | 355.033 |
| Edition number | 22 |
| Author Mark | CON 2007 |
| 245 00 - TITLE STATEMENT | |
| Title | Contemporary security studies / |
| Statement of responsibility, etc. | edited by Alan Collins. |
| 260 ## - PUBLICATION, DISTRIBUTION, ETC. | |
| Place of publication, distribution, etc. | Oxford ; |
| -- | New York : |
| Name of publisher, distributor, etc. | Oxford University Press, |
| Date of publication, distribution, etc. | 2007. |
| 300 ## - PHYSICAL DESCRIPTION | |
| Extent | xxvii, 444 p. : |
| Other physical details | ill. ; |
| Dimensions | 25 cm. |
| 504 ## - BIBLIOGRAPHY, ETC. NOTE | |
| Bibliography, etc. note | Includes bibliographical references and index. |
| 505 0# - FORMATTED CONTENTS NOTE | |
| Formatted contents note | Introduction : what is security studies? -- Security in international politics : traditional approaches / Patrick Morgan -- Peace studies / Paul Rogers -- Critical security studies : a schismatic history / David Mutimer -- Gender and security / Caroline Kennedy-Pipe -- Human security / Pauline Kerr -- Securitization / Ralf Emmers -- Military security / Eric Herring -- Regime security / Richard Jackson -- Societal security / Paul Roe -- Environmental security / Jon Barnett -- Economic security / Christopher Dent -- Coercive diplomacy / Peter Viggo Jakobsen -- The role of intelligence in national security / Stan Taylor -- Weapons of mass destruction / James Wirtz -- Terrorism / Brenda Lutz and James Lutz -- The defence trade / Joanna Spear and Neil Cooper -- HIV/AIDS and security / Stefan Elbe -- Transnational crime / Jeanne Giraldo and Harold Trinkunas -- Children and war / Helen Brocklehurst -- After the return to theory : the past, present, and future of security studies / Ole Wæver and Barry Buzan. |
| 650 #0 - SUBJECT ADDED ENTRY--TOPICAL TERM | |
| Topical term or geographic name entry element | Security, International. |
| 700 1# - ADDED ENTRY--PERSONAL NAME | |
| Personal name | Collins, Alan, |
| Dates associated with a name | 1967- |
| 856 41 - ELECTRONIC LOCATION AND ACCESS | |
| Materials specified | Table of contents only |
| Uniform Resource Identifier | <a href="http://www.loc.gov/catdir/toc/ecip073/2006034950.html">http://www.loc.gov/catdir/toc/ecip073/2006034950.html</a> |
| 906 ## - LOCAL DATA ELEMENT F, LDF (RLIN) | |
| a | 7 |
| b | cbc |
| c | orignew |
| d | 1 |
| e | ecip |
| f | 20 |
| g | y-gencatlg |
| 942 ## - ADDED ENTRY ELEMENTS (KOHA) | |
| Source of classification or shelving scheme | |
| Koha item type | Book |
| Withdrawn status | Lost status | Damaged status | Not for loan | Collection code | Permanent Location | Current Location | Shelving location | Date acquired | Total Checkouts | Full call number | Barcode | Date last seen | Price effective from | Koha item type |
|---|---|---|---|---|---|---|---|---|---|---|---|---|---|---|
| Centre for International Peace & Stability (CIPS) | Centre for International Peace & Stability (CIPS) | General Stacks | 03/24/2016 | 355.033 CON 2007 | CIPS0002725 | 03/24/2016 | 03/24/2016 | Book |
